000
00312nam a2200133Ia 4500
003
OSt
005
20230726064258.0
008
170524s9999 xx 000 0 und d
040
_c
IIMT UNIVERSITY
100
_a
UPADHYAYA- SHIVDUTT
245
0
_a
UTPADAN PRODYOGIKI - I
260
_b
BHARAT BHARTI
942
_2
ddc
_c
02
999
_c
7731
_d
7731